Shoshanat ha-yam : (Record no. 33098)
[ view plain ]
| 000 -LEADER | |
|---|---|
| fixed length control field | 00843cam a22002771 4500 |
| 001 - CONTROL NUMBER | |
| control field | he 68000821 |
| 003 - CONTROL NUMBER IDENTIFIER | |
| control field | DLC |
| 005 - DATE AND TIME OF LATEST TRANSACTION | |
| control field | 20260227111455.0 |
| 008 - FIXED-LENGTH DATA ELEMENTS--GENERAL INFORMATION | |
| fixed length control field | 831006s1966 is 000 0 heb |
| 010 ## - LIBRARY OF CONGRESS CONTROL NUMBER | |
| LC control number | he 68000821 |
| 035 ## - SYSTEM CONTROL NUMBER | |
| System control number | (OCoLC)19157912 |
| 040 ## - CATALOGING SOURCE | |
| Original cataloging agency | DLC |
| Transcribing agency | MH |
| Modifying agency | CU |
| -- | DLC |
| 041 1# - LANGUAGE CODE | |
| Language code of text/sound track or separate title | heb |
| Language code of original | tur |
| 042 ## - AUTHENTICATION CODE | |
| Authentication code | premarc |
| 050 00 - LIBRARY OF CONGRESS CALL NUMBER | |
| Classification number | PL248.C8 |
| Item number | D516 |
| 100 1# - MAIN ENTRY--PERSONAL NAME | |
| Personal name | Cumalı, Necati. |
| 240 10 - UNIFORM TITLE | |
| Uniform title | Derya gülü. |
| Language of a work | Hebrew |
| 245 10 - TITLE STATEMENT | |
| Title | Shoshanat ha-yam : |
| Remainder of title | maḥazeh be-shalosh maʻarakhot / |
| Statement of responsibility, etc. | Neg'ati G'umali ; tirgemo mi-Turkit Daṿid Oren u-Shelomoh Ṭanai. |
| 260 ## - PUBLICATION, DISTRIBUTION, ETC. | |
| Place of publication, distribution, etc. | Tel Aviv : |
| Name of publisher, distributor, etc. | Alef |
| Date of publication, distribution, etc. | [1966] |
| 300 ## - PHYSICAL DESCRIPTION | |
| Extent | 96 p. ; |
| Dimensions | 22 cm. |
| 500 ## - GENERAL NOTE | |
| General note | Added t.p.: Rose of the sea; a Turkish play. |
| 500 ## - GENERAL NOTE | |
| General note | Translation of Derya gülü. |
| 752 ## - ADDED ENTRY--HIERARCHICAL PLACE NAME | |
| Country or larger entity | Israel |
| City | Tel Aviv |
| 700 1# - ADDED ENTRY--PERSONAL NAME | |
| Personal name | Tanny, Shlomo, |
| Dates associated with a name | 1919- |
| 700 1# - ADDED ENTRY--PERSONAL NAME | |
| Personal name | Oren, David. |
No items available.